Konkurenčná schopnosť Slovenskej republiky

Indikátory zamerané na inovačné outputy. Sumárny inovačný index a sledovanie jeho vývoja. Zaradenie krajín do skupín podľa inovačnej výkonnosti. Zaradenie Slovenska do skupiny vlečúcich. Rýchlosť reštrukturalizácie.

Salvato in:
Dettagli Bibliografici
Autore principale: Šikula, Milan
Natura: Capitolo di libro
Lingua:slovacco
Soggetti:
Tags: Aggiungi Tag
Nessun Tag, puoi essere il primo ad aggiungerne!!

MARC

LEADER 00000naa$a2200000$$$4500
001 0086885
005 20220427135011.0
041 0 |a slo 
044 |a SK 
245 1 0 |a Konkurenčná schopnosť Slovenskej republiky  |c Milan Šikula 
520 |a Indikátory zamerané na inovačné outputy. Sumárny inovačný index a sledovanie jeho vývoja. Zaradenie krajín do skupín podľa inovačnej výkonnosti. Zaradenie Slovenska do skupiny vlečúcich. Rýchlosť reštrukturalizácie. 
610 2 0 |a inovácia 
610 2 0 |a konkurencieschopnosť 
610 2 0 |a Slovensko 
610 2 0 |a indexy 
100 1 |a Šikula, Milan